书目信息 |
| 题名: |
新世纪小型网组建与应用培训教程
|
|
| 作者: | 张先锋 , 姜明 , 杨金春 编著 | |
| 分册: | ||
| 出版信息: | 北京 电子工业出版社 2001.07 |
|
| 页数: | 365页 | |
| 开本: | 26cm | |
| 丛书名: | ||
| 单 册: | ||
| 中图分类: | TP393.1-43 | |
| 科图分类: | ||
| 主题词: | 计算机应用 | |
| 电子资源: | ||
| ISBN: | 7-5053-6817-6 | |
| 000 | 00753nam0 2200217 45 | |
| 001 | 0236876995 | |
| 005 | 2002052010143681 | |
| 010 | @a7-5053-6817-6@dRMB 28.00 | |
| 100 | @a20020520d2001 km y0chiy0120 ea | |
| 101 | 0 | @achi |
| 102 | @aCN@b110000 | |
| 200 | 1 | @a新世纪小型网组建与应用培训教程@AXin Shi Ji Xiao Xing Wang Zu Jian Yu Ying Yong Pei Xun Jiao Cheng@f张先锋, 姜明,杨金春等编著@FZhang Xian Feng,Jiang Ming,Yang Jin Chun Deng Bian Zhu |
| 210 | @a北京@c电子工业出版社@d2001.07 | |
| 215 | @a365页@d26cm | |
| 606 | 0 | @a计算机应用 |
| 690 | @aTP393.1-43@v3 | |
| 701 | 0 | @a张先锋@AZhang Xian Feng@4编著 |
| 701 | 0 | @a姜明@AJiang Ming@4编著 |
| 701 | 0 | @a杨金春@AYang Jin Chun@4编著 |
| 801 | 0 | @aCN@bPFT@c20020520 |
| 905 | @a安徽大学@dTP393.1-43@eZ211 | |
| 新世纪小型网组建与应用培训教程/张先锋, 姜明,杨金春等编著.-北京:电子工业出版社,2001.07 |
| 365页;26cm |
| ISBN 7-5053-6817-6:RMB 28.00 |
| ● |
| 相关链接 |
|
|
|
正题名:新世纪小型网组建与应用培训教程
索取号:TP393.1-43/Z211
 
预约/预借
| 序号 | 登录号 | 条形码 | 馆藏地/架位号 | 状态 | 备注 |
| 1 | 354259 | 203542595 | 期刊室512/301自科库 133排1列1层/ [索取号:TP393.1-43/Z211] | 在馆 | |
| 2 | 354260 | 203542602 | 期刊室512/301自科库 133排1列1层/ [索取号:TP393.1-43/Z211] | 在馆 |